| 000 | 00366nam a2200145 4500 | ||
|---|---|---|---|
| 999 |
_c8667 _d8667 |
||
| 003 | OSt | ||
| 005 | 20201209154606.0 | ||
| 008 | 201209b ||||| |||| 00| 0 eng d | ||
| 020 | _a9789491727313 | ||
| 082 |
_a720.228 _bKAR |
||
| 100 | _aKarssen, Arjan | ||
| 245 | _aModel making, conceive, create and convince | ||
| 260 |
_aAmsterdam _bFrame publishers |
||
| 942 | _2ddc | ||